Canada Immigration By Country - Extreme - Statistics

General Stats
  • This quiz has been taken 54 times
  • The average score is 40 of 53
Answer Stats
Total Country % Correct
143,580 Germany
100%
715,500 China
97%
136,700 France
97%
256,800 United States
97%
985,600 India
95%
464,250 United Kingdom
95%
205,000 Italy
92%
154,950 Mexico
92%
117,030 Poland
92%
103,600 Colombia
89%
254,330 Pakistan
89%
131,000 South Korea
89%
97,300 Spain
89%
145,000 Brazil
86%
238,500 Iran
86%
40,000 Turkey
86%
63,400 Ukraine
86%
223,410 Vietnam
86%
67,000 Argentina
84%
94,050 Bangladesh
84%
121,400 Portugal
84%
120,910 Afghanistan
81%
719,300 Philippines
81%
29,400 Thailand
81%
87,200 Venezuela
81%
45,990 Chile
78%
179,240 Nigeria
78%
42,295 Peru
78%
51,540 South Africa
78%
26,030 Ecuador
76%
78,510 Egypt
76%
128,900 Haiti
76%
135,000 Syria
76%
72,110 Iraq
73%
99,900 Morocco
73%
51,770 El Salvador
70%
25,450 Guatemala
70%
69,700 Honduras
70%
249,070 Jamaica
70%
32,000 Somalia
70%
79,800 Algeria
68%
25,000 Ethiopia
68%
35,600 DR Congo
65%
73,400 Lebanon
65%
26,800 Nicaragua
65%
56,700 Nepal
62%
127,000 Sri Lanka
54%
28,760 Ghana
51%
98,000 Guyana
51%
31,500 Eritrea
43%
37,600 Jordan
43%
60,000 Trinidad and Tobago
38%
55,000 Cameroon
35%
No matching quizzes found
Score Distribution
Percent of People with Each Score
Percentile by Number Answered
Your Score History
You have not taken this quiz